Ciudadanía social, género y trabajo en Uruguay /
Este artículo tiene como objetivo reflexionar en torno a las dificultades que las mujeres uruguayas tienen para el reconocimiento del derecho al trabajo en condiciones de igualdad. Lo anterior, en el contexto de las transformaciones recientes del mercado de trabajo, de la organización familiar y de...
Gardado en:
| Autor Principal: | |
|---|---|
| Formato: | Texto |
| Materias: | |
| Etiquetas: |
Engadir etiqueta
Sen Etiquetas, Sexa o primeiro en etiquetar este rexistro!
|
MARC
| LEADER | 00000 a a2200000 04500 | ||
|---|---|---|---|
| 001 | 16519 | ||
| 003 | |||
| 040 | |||
| 100 | |a Aguirre, Rosario | ||
| 245 | |a Ciudadanía social, género y trabajo en Uruguay / |c Rosario Aguirre | ||
| 520 | |a Este artículo tiene como objetivo reflexionar en torno a las dificultades que las mujeres uruguayas tienen para el reconocimiento del derecho al trabajo en condiciones de igualdad. Lo anterior, en el contexto de las transformaciones recientes del mercado de trabajo, de la organización familiar y de los procesos de reforma institucional ocurridos en los años noventa | ||
| 650 | |a MUJERES TRABAJADORAS | ||
| 650 | |a DISCRIMINACION ECONOMICA | ||
| 650 | |a DISCRIMINACION BASADA EN EL GENERO | ||
| 650 | |a ANALISIS DE GENERO | ||
| 650 | |a SEGURIDAD SOCIAL | ||
| 650 | |a SERVICIOS DE CUIDADO DE NIÑOS | ||
| 650 | |a POBLACION OCUPADA | ||
| 650 | |a INGRESO | ||
| 650 | |a ANALISIS COMPARATIVO | ||
| 650 | |a SUBSIDIOS | ||
| 650 | |a SERVICIOS DE CUIDADO DE NIÑOS | ||
| 650 | |a ASISTENCIA ESCOLAR | ||
| 773 | |g volumen 65, número 4; páginas 815-838 | ||
| 999 | |c 25314 |d 25314 | ||
